[Event "Deutsche Ländermeisterschaft 2018"]
[Site "Würzburg GER"]
[Date "2018.10.06"]
[Round "6"]
[White "Bashylina, Luisa"]
[Black "Werner, Rosalie"]
[Result "1-0"]
[Termination "normal"]
[Board "2.8"]
[WhiteElo "1837"]
[BlackElo "1566"]
[WhiteClock "00:56:16"]
[BlackClock "00:19:35"]
[WhiteTeam "Nordrhein-Westfalen"]
[BlackTeam "Hessen"]
[PlyCount "61"]
[WhiteFideId "12983292"]
[BlackFideId "16223748"]
[EventCountry "GER"]
[EventRounds "7"]
[EventType "team-swiss"]
[EventDate "2018.10.02"]

1. e4 {[%clk 1:30:58]} e6 {[%clk 1:30:55]} 2. d3 {[%clk 1:31:13]} d5 {[%clk
1:31:18]} 3. Nd2 {[%clk 1:31:38]} Nf6 {[%clk 1:31:12]} 4. Ngf3 {[%clk 1:31:58]}
c5 {[%clk 1:30:38]} 5. g3 {[%clk 1:32:21]} Nc6 {[%clk 1:30:58]} 6. Bg2 {[%clk
1:32:41]} Be7 {[%clk 1:30:41]} 7. O-O {[%clk 1:33:04]} O-O {[%clk 1:29:59]} 8.
Re1 {[%clk 1:33:09]} Qc7 {[%clk 1:25:54]} 9. Nf1 {[%clk 1:32:24]} Rd8 {[%clk
1:16:37]} 10. e5 {[%clk 1:32:03]} Nd7 {[%clk 1:15:41]} 11. Bf4 {[%clk 1:32:15]}
Nf8 {[%clk 1:12:07]} 12. g4 {[%clk 1:13:03]} Ng6 {[%clk 1:07:54]} 13. Bg3
{[%clk 1:12:07]} h6 {[%clk 1:02:15]} 14. Qe2 {[%clk 1:05:40]} b6 {[%clk
1:00:16]} 15. N3d2 {[%clk 1:04:59]} Nd4 {[%clk 0:44:35]} 16. Qd1 {[%clk
1:05:00]} Bh4 {[%clk 0:41:53]} 17. f4 {[%clk 1:03:06]} Qe7 {[%clk 0:36:51]} 18.
c3 {[%clk 1:02:27]} Nc6 {[%clk 0:36:32]} 19. Nf3 {[%clk 1:01:43]} Bxg3 {[%clk
0:34:01]} 20. hxg3 {[%clk 1:02:01]} Qc7 {[%clk 0:28:52]} 21. Rc1 {[%clk
0:58:46]} Bd7 {[%clk 0:25:07]} 22. d4 {[%clk 0:56:40]} c4 {[%clk 0:25:03]} 23.
Ne3 {[%clk 0:56:44]} Qc8 {[%clk 0:25:21]} 24. Rf1 {[%clk 0:56:50]} Nge7 {[%clk
0:24:34]} 25. Nh4 {[%clk 0:56:53]} g6 {[%clk 0:23:45]} 26. Qc2 {[%clk 0:56:57]}
Kh7 {[%clk 0:20:41]} 27. Bh3 {[%clk 0:56:11]} Rf8 {[%clk 0:20:20]} 28. f5
{[%clk 0:55:56]} g5 {[%clk 0:20:24]} 29. fxe6+ {[%clk 0:56:10]} Ng6 {[%clk
0:19:12]} 30. exd7 {[%clk 0:56:05]} Qxd7 {[%clk 0:19:35]} 31. Nhf5 {[%clk
0:56:16]} 1-0

[Event "Deutsche Ländermeisterschaft 2018"]
[Site "Würzburg GER"]
[Date "2018.10.06"]
[Round "6"]
[White "Kuznecovs, Nikita"]
[Black "Richter, Leonard"]
[Result "1-0"]
[Termination "normal"]
[Board "3.1"]
[WhiteElo "2186"]
[BlackElo "2322"]
[WhiteClock "00:00:38"]
[BlackClock "00:00:35"]
[WhiteTeam "Thüringen"]
[BlackTeam "Sachsen 1"]
[WhiteFideId "11604557"]
[BlackFideId "12900290"]
[EventCountry "GER"]
[EventRounds "7"]
[EventType "team-swiss"]
[EventDate "2018.10.02"]

1.Nf3 Nf6 2.d4 g6 3.c4 Bg7 4.Nc3 O-O 5.e4 d6 6.Be2 e5 7.O-O Nc6 8.d5 Ne7 9.b4
Nh5 10.Re1 f5 11.a4 Nf6 12.a5 Nxe4 13.Nxe4 fxe4 14.Ng5 h6 15.Nxe4 Kh7 16.Bf1
Nf5 17.c5 Nd4 18.cxd6 cxd6 19.b5 Bf5 20.Ba3 Bxe4 21.Rxe4 Rc8 22.Bd3 Rf6 23.Bb4
Qg8 24.Qg4 Rcf8 25.Rc1 b6 26.a6 Qxd5 27.Bc4 Qa8 28.Bd3 R8f7 29.h4 h5 30.Qc8
Qxc8 31.Rxc8 Rxf2 32.Bxd6 Rd2 33.Bc4 Rff2 34.Bf1 Nf5 35.Bb4 Rb2 36.Be1 Rfc2
37.Rec4 Rxc4 38.Bxc4 0-1

[Event "Deutsche Ländermeisterschaft 2018"]
[Site "Würzburg GER"]
[Date "2018.10.06"]
[Round "6"]
[White "Urban, Konstantin"]
[Black "Nguyen, Huy Dat"]
[Result "1-0"]
[Termination "normal"]
[Board "3.2"]
[WhiteElo "2279"]
[BlackElo "2194"]
[WhiteClock "00:09:16"]
[BlackClock "00:02:22"]
[WhiteTeam "Sachsen 1"]
[BlackTeam "Thüringen"]
[PlyCount "105"]
[WhiteFideId "12927511"]
[BlackFideId "12923486"]
[EventCountry "GER"]
[EventRounds "7"]
[EventType "team-swiss"]
[EventDate "2018.10.02"]

1. e4 {[%clk 1:30:57]} e6 {[%clk 1:30:56]} 2. d4 {[%clk 1:30:59]} b6 {[%clk
1:31:22]} 3. Bd3 {[%clk 1:30:15]} Bb7 {[%clk 1:31:47]} 4. Qe2 {[%clk 1:29:46]}
g6 {[%clk 1:30:10]} 5. Nf3 {[%clk 1:29:08]} Bg7 {[%clk 1:29:28]} 6. c3 {[%clk
1:29:33]} d6 {[%clk 1:26:49]} 7. O-O {[%clk 1:29:02]} Ne7 {[%clk 1:25:21]} 8.
Re1 {[%clk 1:25:38]} Nd7 {[%clk 1:24:28]} 9. a4 {[%clk 1:25:34]} a6 {[%clk
1:24:29]} 10. Na3 {[%clk 1:18:23]} O-O {[%clk 1:21:24]} 11. Bf4 {[%clk
1:16:52]} Kh8 {[%clk 1:15:21]} 12. Rad1 {[%clk 1:15:10]} Qe8 {[%clk 1:02:21]}
13. Bc2 Ra7 {[%clk 0:37:59]} 14. h3 {[%clk 0:49:59]} h6 {[%clk 0:33:21]} 15.
Bc1 {[%clk 0:34:35]} g5 {[%clk 0:29:58]} 16. h4 {[%clk 0:32:48]} f6 {[%clk
0:27:36]} 17. hxg5 {[%clk 0:24:43]} fxg5 {[%clk 0:27:40]} 18. Nh2 {[%clk
0:23:53]} e5 {[%clk 0:25:46]} 19. Rd3 {[%clk 0:21:57]} Ng6 {[%clk 0:21:43]} 20.
g3 {[%clk 0:19:53]} Nf6 {[%clk 0:18:31]} 21. Rdd1 {[%clk 0:20:09]} Bc8 {[%clk
0:15:52]} 22. Nc4 {[%clk 0:20:20]} b5 {[%clk 0:14:14]} 23. Ne3 {[%clk 0:18:14]}
bxa4 {[%clk 0:10:05]} 24. Nf5 {[%clk 0:12:21]} Qf7 {[%clk 0:05:15]} 25. dxe5
{[%clk 0:08:28]} Nxe5 {[%clk 0:04:17]} 26. f4 {[%clk 0:07:20]} gxf4 {[%clk
0:03:48]} 27. gxf4 {[%clk 0:07:49]} Neg4 {[%clk 0:02:41]} 28. Nxg4 {[%clk
0:07:44]} Qg6 {[%clk 0:02:59]} 29. Ne7 {[%clk 0:05:53]} Qxg4+ {[%clk 0:03:13]}
30. Qxg4 {[%clk 0:06:21]} Bxg4 {[%clk 0:03:37]} 31. Ng6+ {[%clk 0:05:27]} Kg8
{[%clk 0:03:53]} 32. Nxf8 {[%clk 0:05:14]} Bxd1 {[%clk 0:04:15]} 33. Bxd1
{[%clk 0:05:35]} Kxf8 {[%clk 0:04:36]} 34. Bxa4 {[%clk 0:06:00]} Rb7 {[%clk
0:02:54]} 35. Kg2 {[%clk 0:05:20]} Ke7 {[%clk 0:02:44]} 36. Kf3 {[%clk
0:05:32]} Nd7 {[%clk 0:02:27]} 37. Rg1 {[%clk 0:04:08]} Bf8 {[%clk 0:00:55]}
38. Bc2 {[%clk 0:03:02]} a5 {[%clk 0:01:09]} 39. Bd3 {[%clk 0:02:19]} Nc5
{[%clk 0:00:44]} 40. Bc4 {[%clk 0:02:33]} c6 {[%clk 0:00:35]} 41. Rg8 {[%clk
0:22:20]} Rb8 {[%clk 0:21:42]} 42. Rh8 {[%clk 0:17:03]} Kf6 {[%clk 0:11:00]}
43. Be3 {[%clk 0:12:34]} Nxe4 {[%clk 0:05:20]} 44. Bd4+ {[%clk 0:11:59]} Kf5
{[%clk 0:04:46]} 45. Bd3 {[%clk 0:10:20]} d5 {[%clk 0:05:12]} 46. Be5 {[%clk
0:09:00]} Re8 {[%clk 0:01:06]} 47. Bg7 {[%clk 0:07:29]} Bxg7 {[%clk 0:01:06]}
48. Rxe8 {[%clk 0:07:53]} a4 {[%clk 0:01:24]} 49. Bxe4+ {[%clk 0:07:34]} dxe4+
{[%clk 0:01:18]} 50. Rxe4 {[%clk 0:08:02]} a3 {[%clk 0:02:13]} 51. bxa3 {[%clk
0:08:29]} Bxc3 {[%clk 0:02:30]} 52. Rc4 {[%clk 0:08:57]} Bb2 {[%clk 0:02:22]}
53. a4 {[%clk 0:09:16]} 1-0

[Event "Deutsche Ländermeisterschaft 2018"]
[Site "Würzburg GER"]
[Date "2018.10.06"]
[Round "6"]
[White "Philipp, Mathias"]
[Black "Wong, Gengchun"]
[Result "1-0"]
[Termination "normal"]
[Board "3.3"]
[WhiteElo "2076"]
[BlackElo "2194"]
[WhiteClock "00:30:34"]
[BlackClock "00:31:01"]
[WhiteTeam "Thüringen"]
[BlackTeam "Sachsen 1"]
[PlyCount "83"]
[WhiteFideId "12958883"]
[BlackFideId "12963283"]
[EventCountry "GER"]
[EventRounds "7"]
[EventType "team-swiss"]
[EventDate "2018.10.02"]

1. e4 {[%clk 1:30:58]} c5 {[%clk 1:30:53]} 2. b3 {[%clk 1:31:26]} Nf6 {[%clk
1:31:18]} 3. e5 {[%clk 1:31:51]} Nd5 {[%clk 1:31:45]} 4. Bb2 {[%clk 1:32:16]}
Nc6 {[%clk 1:32:12]} 5. Nf3 {[%clk 1:32:43]} e6 {[%clk 1:32:11]} 6. g3 {[%clk
1:33:08]} Be7 {[%clk 1:32:03]} 7. Bg2 {[%clk 1:33:33]} O-O {[%clk 1:31:41]} 8.
O-O {[%clk 1:33:57]} f6 {[%clk 1:29:25]} 9. d4 {[%clk 1:26:35]} cxd4 {[%clk
1:23:07]} 10. Nxd4 {[%clk 1:26:46]} fxe5 {[%clk 1:21:55]} 11. Nxc6 {[%clk
1:24:30]} bxc6 {[%clk 1:22:17]} 12. Bxe5 {[%clk 1:17:20]} d6 {[%clk 1:20:05]}
13. Bb2 {[%clk 1:12:09]} Bf6 {[%clk 1:14:24]} 14. Bxf6 {[%clk 1:10:10]} Qxf6
{[%clk 1:14:48]} 15. Na3 {[%clk 1:10:37]} Rd8 {[%clk 1:12:07]} 16. Qd2 {[%clk
1:08:40]} Ne7 {[%clk 1:06:11]} 17. f4 {[%clk 1:04:31]} d5 {[%clk 0:50:56]} 18.
Rfe1 {[%clk 0:55:09]} Bd7 {[%clk 0:47:59]} 19. c3 {[%clk 0:52:17]} Rac8 {[%clk
0:46:24]} 20. Nc2 {[%clk 0:47:03]} c5 {[%clk 0:44:43]} 21. Rad1 {[%clk
0:40:25]} Be8 {[%clk 0:38:16]} 22. Bh3 {[%clk 0:33:57]} Rc6 {[%clk 0:36:22]}
23. b4 {[%clk 0:31:55]} Bg6 {[%clk 0:24:47]} 24. b5 {[%clk 0:27:28]} Rb6 {[%clk
0:24:31]} 25. a4 {[%clk 0:26:27]} Bf5 {[%clk 0:17:57]} 26. Bf1 {[%clk 0:23:18]}
Nc8 {[%clk 0:14:54]} 27. a5 {[%clk 0:20:52]} Rb7 {[%clk 0:14:52]} 28. Re5
{[%clk 0:17:07]} Nd6 {[%clk 0:13:45]} 29. Ne3 {[%clk 0:13:35]} Be4 {[%clk
0:10:09]} 30. Bh3 {[%clk 0:12:46]} Re8 {[%clk 0:10:14]} 31. a6 {[%clk 0:09:08]}
Rb6 {[%clk 0:10:27]} 32. c4 {[%clk 0:09:16]} dxc4 {[%clk 0:07:54]} 33. Rxc5
{[%clk 0:07:09]} Bf3 {[%clk 0:06:59]} 34. Rf1 {[%clk 0:06:34]} Ba8 {[%clk
0:04:33]} 35. Nxc4 {[%clk 0:05:30]} Nxc4 {[%clk 0:03:12]} 36. Rxc4 {[%clk
0:05:49]} Bd5 {[%clk 0:02:07]} 37. Rc5 {[%clk 0:05:08]} Reb8 {[%clk 0:01:42]}
38. f5 {[%clk 0:04:09]} Qe7 {[%clk 0:01:21]} 39. Qc3 {[%clk 0:03:04]} Qd7
{[%clk 0:00:49]} 40. Rc7 {[%clk 0:03:13]} Rc6 {[%clk 0:00:36]} 41. Rxc6 {[%clk
0:30:08]} Bxc6 {[%clk 0:31:01]} 42. bxc6 {[%clk 0:30:34]} 1-0

[Event "Deutsche Ländermeisterschaft 2018"]
[Site "Würzburg GER"]
[Date "2018.10.06"]
[Round "6"]
[White "Nguyen, Alex Dac-Vuong"]
[Black "Grund, Sebastian"]
[Result "0-1"]
[Termination "normal"]
[Board "3.4"]
[WhiteElo "2240"]
[BlackElo "1992"]
[WhiteClock "00:29:42"]
[BlackClock "00:52:55"]
[WhiteTeam "Sachsen 1"]
[BlackTeam "Thüringen"]
[PlyCount "84"]
[WhiteFideId "12984388"]
[BlackFideId "12988626"]
[EventCountry "GER"]
[EventRounds "7"]
[EventType "team-swiss"]
[EventDate "2018.10.02"]

1. e4 {[%clk 1:30:56]} c5 {[%clk 1:30:55]} 2. Nf3 {[%clk 1:31:21]} Nc6 {[%clk
1:31:20]} 3. d4 {[%clk 1:31:46]} cxd4 {[%clk 1:31:44]} 4. Nxd4 {[%clk 1:32:11]}
g6 {[%clk 1:32:04]} 5. c4 {[%clk 1:32:35]} Bg7 {[%clk 1:32:27]} 6. Be3 {[%clk
1:32:58]} Nf6 {[%clk 1:32:48]} 7. Nc3 {[%clk 1:33:22]} O-O {[%clk 1:32:40]} 8.
Be2 {[%clk 1:33:33]} d6 {[%clk 1:32:59]} 9. O-O {[%clk 1:33:43]} Bd7 {[%clk
1:33:21]} 10. Qd2 {[%clk 1:32:43]} Nxd4 {[%clk 1:33:41]} 11. Bxd4 {[%clk
1:33:07]} Bc6 {[%clk 1:34:03]} 12. f3 {[%clk 1:33:28]} a5 {[%clk 1:34:28]} 13.
b3 {[%clk 1:32:59]} Nd7 {[%clk 1:34:44]} 14. Be3 {[%clk 1:33:20]} Nc5 {[%clk
1:35:08]} 15. Rab1 {[%clk 1:31:54]} Qb6 {[%clk 1:35:30]} 16. Rfc1 {[%clk
1:30:28]} Rfc8 {[%clk 1:35:32]} 17. Rc2 {[%clk 1:27:26]} h5 {[%clk 1:32:00]}
18. a3 {[%clk 1:22:11]} Qd8 {[%clk 1:30:00]} 19. b4 {[%clk 1:21:49]} axb4
{[%clk 1:30:22]} 20. axb4 {[%clk 1:22:14]} Ne6 {[%clk 1:08:38]} 21. Nd5 {[%clk
1:21:09]} Ra3 {[%clk 1:08:27]} 22. Kh1 {[%clk 0:56:18]} Rca8 {[%clk 1:07:12]}
23. f4 {[%clk 0:50:00]} Ra1 {[%clk 1:04:46]} 24. Rxa1 {[%clk 0:49:47]} Rxa1+
{[%clk 1:05:07]} 25. Rc1 {[%clk 0:50:01]} Rxc1+ {[%clk 1:04:33]} 26. Qxc1
{[%clk 0:50:24]} Nd4 {[%clk 1:04:33]} 27. Bd3 {[%clk 0:37:53]} e6 {[%clk
0:58:06]} 28. Nc3 {[%clk 0:37:57]} Qa8 {[%clk 0:56:40]} 29. b5 {[%clk 0:35:25]}
Bd7 {[%clk 0:52:00]} 30. Qb2 {[%clk 0:31:32]} Qa5 {[%clk 0:43:40]} 31. Bd2
{[%clk 0:30:03]} Qd8 {[%clk 0:43:36]} 32. Qb4 {[%clk 0:23:18]} Qh4 {[%clk
0:39:43]} 33. Nd1 {[%clk 0:22:28]} e5 {[%clk 0:35:12]} 34. c5 {[%clk 0:02:26]}
dxc5 {[%clk 0:32:38]} 35. Qxc5 {[%clk 0:02:47]} exf4 {[%clk 0:31:57]} 36. e5
{[%clk 0:02:51]} f3 {[%clk 0:31:11]} 37. g3 {[%clk 0:01:51]} Qh3 {[%clk
0:29:53]} 38. Ne3 {[%clk 0:02:14]} Nf5 {[%clk 0:25:57]} 39. Bxf5 {[%clk
0:02:32]} Bxf5 {[%clk 0:26:17]} 40. Qc1 {[%clk 0:01:15]} Be4 {[%clk 0:26:17]}
41. Kg1 {[%clk 0:29:17]} f2+ {[%clk 0:52:33]} 42. Kxf2 {[%clk 0:29:42]} Qxh2+
{[%clk 0:52:55]} 0-1

[Event "Deutsche Ländermeisterschaft 2018"]
[Site "Würzburg GER"]
[Date "2018.10.06"]
[Round "6"]
[White "Ratay, Meike"]
[Black "Halas, Julia"]
[Result "1-0"]
[Termination "normal"]
[Board "3.5"]
[WhiteElo "1887"]
[BlackElo "1972"]
[WhiteClock "00:09:51"]
[BlackClock "00:04:16"]
[WhiteTeam "Thüringen"]
[BlackTeam "Sachsen 1"]
[PlyCount "93"]
[WhiteFideId "12977608"]
[BlackFideId "12931810"]
[EventCountry "GER"]
[EventRounds "7"]
[EventType "team-swiss"]
[EventDate "2018.10.02"]

1. e4 {[%clk 1:30:58]} e6 {[%clk 1:30:55]} 2. d4 {[%clk 1:31:24]} d5 {[%clk
1:31:20]} 3. Nd2 {[%clk 1:31:50]} Nf6 {[%clk 1:31:44]} 4. e5 {[%clk 1:32:15]}
Nfd7 {[%clk 1:32:08]} 5. c3 {[%clk 1:32:39]} c5 {[%clk 1:32:31]} 6. f4 {[%clk
1:33:01]} Nc6 {[%clk 1:31:05]} 7. Ndf3 {[%clk 1:33:16]} cxd4 {[%clk 1:10:01]}
8. cxd4 {[%clk 1:33:34]} Qb6 {[%clk 1:08:25]} 9. a3 {[%clk 1:31:01]} a5 {[%clk
1:07:31]} 10. b3 {[%clk 1:31:15]} Be7 {[%clk 1:01:05]} 11. h4 {[%clk 1:30:32]}
Qd8 {[%clk 0:44:36]} 12. g4 {[%clk 1:18:33]} b6 {[%clk 0:36:12]} 13. Bd3 {[%clk
1:10:58]} Ba6 {[%clk 0:34:47]} 14. Bb1 {[%clk 1:07:46]} a4 {[%clk 0:32:55]} 15.
b4 {[%clk 1:06:25]} Bc4 {[%clk 0:32:45]} 16. Be3 {[%clk 1:03:05]} b5 {[%clk
0:28:49]} 17. Ne2 {[%clk 0:54:23]} Nb6 {[%clk 0:26:21]} 18. Ng3 {[%clk
0:45:48]} Bb3 {[%clk 0:23:16]} 19. Qe2 {[%clk 0:44:23]} Nc4 {[%clk 0:23:13]}
20. Kf2 {[%clk 0:44:05]} Qb6 {[%clk 0:16:09]} 21. Bd3 {[%clk 0:40:11]} O-O-O
{[%clk 0:07:42]} 22. f5 {[%clk 0:36:02]} Rdf8 {[%clk 0:05:21]} 23. Kg2 {[%clk
0:32:51]} Kb7 {[%clk 0:04:56]} 24. Rhf1 {[%clk 0:28:56]} Bd8 {[%clk 0:03:33]}
25. Nh5 {[%clk 0:24:46]} g6 {[%clk 0:03:19]} 26. Nf4 {[%clk 0:24:17]} gxf5
{[%clk 0:01:45]} 27. gxf5 {[%clk 0:24:29]} Ne7 {[%clk 0:01:54]} 28. fxe6 {[%clk
0:21:42]} fxe6 {[%clk 0:02:18]} 29. Ng5 {[%clk 0:21:53]} Nf5 {[%clk 0:01:57]}
30. Bxf5 {[%clk 0:20:54]} exf5 {[%clk 0:02:26]} 31. Nge6 {[%clk 0:11:38]} Rfg8+
{[%clk 0:02:15]} 32. Kh3 Nxe3 {[%clk 0:02:23]} 33. Qxe3 {[%clk 0:10:51]} Rg4
{[%clk 0:02:18]} 34. Nxd8+ {[%clk 0:08:23]} Qxd8 {[%clk 0:02:48]} 35. Qf2
{[%clk 0:07:54]} Rhg8 {[%clk 0:02:23]} 36. Rg1 {[%clk 0:07:59]} Qc7 {[%clk
0:01:51]} 37. Rac1 {[%clk 0:05:08]} Bc4 {[%clk 0:01:44]} 38. Rxg4 {[%clk
0:04:02]} fxg4+ {[%clk 0:02:13]} 39. Kg3 {[%clk 0:04:22]} Qe7 {[%clk 0:01:10]}
40. Qe3 {[%clk 0:02:47]} Rg7 {[%clk 0:00:42]} 41. Rc2 {[%clk 0:30:06]} Qe8
{[%clk 0:17:55]} 42. Rf2 {[%clk 0:28:36]} h5 {[%clk 0:16:03]} 43. Ng2 {[%clk
0:25:33]} Qg6 {[%clk 0:12:05]} 44. Rf6 {[%clk 0:19:12]} Qh7 {[%clk 0:07:37]}
45. Qh6 {[%clk 0:11:17]} Qd3+ {[%clk 0:04:26]} 46. Ne3 {[%clk 0:09:52]} Rd7
{[%clk 0:04:16]} 47. Rb6+ {[%clk 0:09:51]} 1-0

[Event "Deutsche Ländermeisterschaft 2018"]
[Site "Würzburg GER"]
[Date "2018.10.06"]
[Round "6"]
[White "Könze, Heike"]
[Black "Reuter, Elisa"]
[Result "1-0"]
[Termination "normal"]
[Board "3.6"]
[WhiteElo "1845"]
[BlackElo "1786"]
[WhiteClock "00:33:10"]
[BlackClock "00:24:49"]
[WhiteTeam "Sachsen 1"]
[BlackTeam "Thüringen"]
[PlyCount "97"]
[WhiteFideId "12964476"]
[BlackFideId "12995444"]
[EventCountry "GER"]
[EventRounds "7"]
[EventType "team-swiss"]
[EventDate "2018.10.02"]

1. c4 {[%clk 1:30:54]} Nf6 {[%clk 1:30:56]} 2. g3 {[%clk 1:31:15]} g6 {[%clk
1:31:22]} 3. Bg2 {[%clk 1:31:37]} d5 {[%clk 1:31:48]} 4. d4 {[%clk 1:31:54]} c6
{[%clk 1:31:00]} 5. cxd5 {[%clk 1:31:29]} cxd5 {[%clk 1:31:19]} 6. Nc3 {[%clk
1:30:34]} Nc6 {[%clk 1:29:56]} 7. Bg5 {[%clk 1:25:02]} Bg7 {[%clk 1:29:21]} 8.
e3 {[%clk 1:18:37]} e6 {[%clk 1:28:52]} 9. Nge2 {[%clk 1:17:26]} h6 {[%clk
1:28:42]} 10. Bf4 {[%clk 1:11:30]} g5 {[%clk 1:23:12]} 11. Be5 {[%clk 1:11:44]}
Nxe5 {[%clk 1:23:39]} 12. dxe5 {[%clk 1:12:05]} Nd7 {[%clk 1:22:52]} 13. f4
{[%clk 1:12:15]} a6 {[%clk 1:21:27]} 14. a4 {[%clk 1:09:22]} Qa5 {[%clk
1:13:34]} 15. Rb1 {[%clk 1:04:14]} Qb4 {[%clk 1:09:28]} 16. Qd4 {[%clk
1:03:58]} Qxd4 {[%clk 1:05:25]} 17. exd4 {[%clk 1:03:40]} Rb8 {[%clk 1:02:21]}
18. Rc1 {[%clk 1:02:11]} Bf8 {[%clk 1:01:19]} 19. O-O {[%clk 1:00:45]} Nb6
{[%clk 0:59:10]} 20. b3 {[%clk 1:00:12]} Bd7 {[%clk 0:58:26]} 21. Nd1 {[%clk
0:52:05]} Nc8 {[%clk 0:58:20]} 22. Ne3 {[%clk 0:50:56]} Ne7 {[%clk 0:57:04]}
23. Rc7 {[%clk 0:50:33]} Nc6 {[%clk 0:56:49]} 24. fxg5 {[%clk 0:50:36]} hxg5
{[%clk 0:57:00]} 25. Ng4 {[%clk 0:50:48]} Kd8 {[%clk 0:55:02]} 26. Rxd7+ {[%clk
0:50:33]} Kxd7 {[%clk 0:55:20]} 27. Rxf7+ {[%clk 0:50:57]} Ke8 {[%clk 0:54:50]}
28. Rf6 {[%clk 0:50:38]} Kd7 {[%clk 0:54:48]} 29. Rf7+ {[%clk 0:50:57]} Ke8
{[%clk 0:49:10]} 30. Rf6 {[%clk 0:51:20]} Nd8 {[%clk 0:49:14]} 31. Rg6 {[%clk
0:45:51]} Be7 {[%clk 0:49:20]} 32. Nh6 {[%clk 0:45:58]} Rc8 {[%clk 0:45:01]}
33. Bf3 {[%clk 0:45:14]} Kd7 {[%clk 0:44:10]} 34. Bg4 {[%clk 0:44:34]} Rc6
{[%clk 0:42:36]} 35. Ng8 {[%clk 0:42:32]} Rh7 {[%clk 0:39:33]} 36. Nxe7 {[%clk
0:38:02]} Rxe7 {[%clk 0:37:07]} 37. Rxg5 {[%clk 0:38:22]} Rb6 {[%clk 0:37:20]}
38. Nf4 {[%clk 0:37:29]} Rxb3 {[%clk 0:37:24]} 39. Nxd5 {[%clk 0:37:48]} Rf7
{[%clk 0:35:10]} 40. Nf6+ {[%clk 0:38:05]} Kc7 {[%clk 0:30:09]} 41. d5 {[%clk
0:36:27]} Rb1+ {[%clk 0:27:36]} 42. Kg2 {[%clk 0:36:31]} Rb2+ {[%clk 0:27:54]}
43. Kh3 {[%clk 0:36:39]} exd5 {[%clk 0:27:40]} 44. Nxd5+ {[%clk 0:36:57]} Kc6
{[%clk 0:27:49]} 45. Nf4 {[%clk 0:36:42]} Re7 {[%clk 0:26:48]} 46. Rg6+ {[%clk
0:36:12]} Ne6 {[%clk 0:24:48]} 47. Bxe6 {[%clk 0:34:22]} Rh7+ {[%clk 0:25:12]}
48. Kg4 {[%clk 0:34:42]} Kc7 {[%clk 0:24:49]} 49. Nd5+ {[%clk 0:33:10]} 1-0

[Event "Deutsche Ländermeisterschaft 2018"]
[Site "Würzburg GER"]
[Date "2018.10.06"]
[Round "6"]
[White "Parvanyan, Ashot"]
[Black "Schneider, Jana"]
[Result "1-0"]
[Termination "normal"]
[Board "4.1"]
[WhiteTitle "FM"]
[BlackTitle "FM"]
[WhiteElo "2428"]
[BlackElo "2190"]
[WhiteClock "00:21:01"]
[BlackClock "00:22:09"]
[WhiteTeam "Schleswig-Holstein"]
[BlackTeam "Bayern 1"]
[PlyCount "61"]
[WhiteFideId "13307550"]
[BlackFideId "12924997"]
[EventCountry "GER"]
[EventRounds "7"]
[EventType "team-swiss"]
[EventDate "2018.10.02"]

1. d4 {[%clk 1:30:49]} Nf6 {[%clk 1:30:45]} 2. c4 {[%clk 1:30:52]} e6 {[%clk
1:31:04]} 3. Nf3 {[%clk 1:31:09]} d5 {[%clk 1:31:19]} 4. g3 {[%clk 1:30:14]}
Bb4+ {[%clk 1:31:31]} 5. Bd2 {[%clk 1:30:31]} Bd6 {[%clk 1:31:51]} 6. Bg2
{[%clk 1:29:18]} Nbd7 {[%clk 1:31:37]} 7. Nc3 {[%clk 1:26:19]} dxc4 {[%clk
1:30:49]} 8. Qa4 {[%clk 1:25:49]} c6 {[%clk 1:20:30]} 9. Qxc4 {[%clk 1:26:01]}
e5 {[%clk 1:20:06]} 10. Rd1 {[%clk 1:09:33]} O-O {[%clk 1:16:54]} 11. O-O
{[%clk 1:03:44]} Qe7 {[%clk 1:15:17]} 12. e4 {[%clk 0:57:06]} Rd8 {[%clk
1:09:40]} 13. d5 {[%clk 0:51:13]} Nb6 {[%clk 1:08:20]} 14. Qb3 {[%clk 0:51:33]}
cxd5 {[%clk 1:00:25]} 15. exd5 {[%clk 0:50:22]} Bc7 {[%clk 0:55:39]} 16. Be3
{[%clk 0:43:56]} e4 {[%clk 0:53:49]} 17. Ng5 {[%clk 0:41:34]} Bf5 {[%clk
0:52:28]} 18. Rfe1 {[%clk 0:41:02]} Nbd7 {[%clk 0:33:48]} 19. d6 {[%clk
0:28:53]} Bxd6 {[%clk 0:33:48]} 20. Rxd6 {[%clk 0:29:06]} Qxd6 {[%clk 0:32:57]}
21. Nxf7 {[%clk 0:28:58]} Qe6 {[%clk 0:32:43]} 22. Qxe6 {[%clk 0:29:02]} Bxe6
{[%clk 0:33:04]} 23. Nxd8 {[%clk 0:29:27]} Rxd8 {[%clk 0:33:10]} 24. Bxa7
{[%clk 0:27:03]} b6 {[%clk 0:31:47]} 25. Nxe4 {[%clk 0:26:35]} Bxa2 {[%clk
0:27:05]} 26. Nxf6+ {[%clk 0:24:26]} gxf6 {[%clk 0:27:22]} 27. Rd1 {[%clk
0:23:11]} Rc8 {[%clk 0:22:19]} 28. Bh3 {[%clk 0:22:51]} Rc7 {[%clk 0:21:27]}
29. Rxd7 {[%clk 0:22:51]} Rc1+ {[%clk 0:21:48]} 30. Kg2 {[%clk 0:23:08]} Bc4
{[%clk 0:22:09]} 31. Kf3 {[%clk 0:21:01]} 1-0

[Event "Deutsche Ländermeisterschaft 2018"]
[Site "Würzburg GER"]
[Date "2018.10.06"]
[Round "6"]
[White "Oberhofer, Cédric"]
[Black "Kololli, Martin"]
[Result "1/2-1/2"]
[Termination "normal"]
[Board "4.2"]
[BlackTitle "FM"]
[WhiteElo "2213"]
[BlackElo "2331"]
[WhiteClock "00:44:14"]
[BlackClock "00:56:49"]
[WhiteTeam "Bayern 1"]
[BlackTeam "Schleswig-Holstein"]
[PlyCount "44"]
[WhiteFideId "12941220"]
[BlackFideId "12936910"]
[EventCountry "GER"]
[EventRounds "7"]
[EventType "team-swiss"]
[EventDate "2018.10.02"]

1. e4 {[%clk 1:30:58]} e5 {[%clk 1:30:56]} 2. Nf3 {[%clk 1:31:23]} Nc6 {[%clk
1:31:23]} 3. Bb5 {[%clk 1:31:48]} a6 {[%clk 1:31:49]} 4. Ba4 {[%clk 1:32:15]}
Nf6 {[%clk 1:32:14]} 5. O-O {[%clk 1:32:40]} Be7 {[%clk 1:32:40]} 6. Re1 {[%clk
1:33:06]} b5 {[%clk 1:33:04]} 7. Bb3 {[%clk 1:33:31]} d6 {[%clk 1:33:30]} 8. c3
{[%clk 1:33:57]} O-O {[%clk 1:33:52]} 9. h3 {[%clk 1:34:24]} Nb8 {[%clk
1:34:14]} 10. d4 {[%clk 1:34:48]} Nbd7 {[%clk 1:34:38]} 11. Nbd2 {[%clk
1:35:10]} Bb7 {[%clk 1:34:59]} 12. Bc2 {[%clk 1:35:20]} Re8 {[%clk 1:35:15]}
13. a4 {[%clk 1:34:46]} Bf8 {[%clk 1:35:25]} 14. b4 {[%clk 1:35:08]} g6 {[%clk
1:35:14]} 15. Bd3 {[%clk 1:23:36]} d5 {[%clk 1:34:50]} 16. dxe5 {[%clk
1:11:04]} dxe4 {[%clk 1:33:57]} 17. Nxe4 {[%clk 1:10:42]} Nxe4 {[%clk 1:15:55]}
18. Bxe4 {[%clk 1:10:18]} Bxe4 {[%clk 1:16:17]} 19. Rxe4 {[%clk 1:10:39]} Nxe5
{[%clk 1:16:38]} 20. Nd4 {[%clk 1:05:59]} Qd5 {[%clk 1:14:49]} 21. Re1 {[%clk
0:56:05]} Bg7 {[%clk 1:09:07]} 22. Bf4 {[%clk 0:44:14]} Nc6 {[%clk 0:56:49]}
1/2-1/2